| 000 | 00359nam a22001457a 4500 | ||
|---|---|---|---|
| 999 |
_c14807 _d14807 |
||
| 020 | _a9789332901339 | ||
| 082 |
_a532.54 _bSUB/FL |
||
| 100 |
_aSubramanya K _9149 |
||
| 245 | _aFlow in open channels | ||
| 250 | _a4 | ||
| 260 |
_aChennai _bMcGraw Hill Education (India) Private Limited _c2016 |
||
| 300 | _a588p | ||
| 650 |
_aFlow theory _9150 |
||
| 942 | _cBK | ||